Asia Map Click Quiz in Hawaiian - Statistics

General Stats
  • This quiz has been taken 42 times
  • The average score is 41 of 48
Answers on the Map
Answers color-coded by a green-red scale on the quiz's map according to % correct below.
 
Answer Stats
Answer % Correct
Butana
97%
Iran
97%
Iseraela
97%
Nepala
97%
Pakitana
97%
Banagaladesa
94%
Burunei
94%
Iapana
94%
ʻInia
94%
ʻInidonesia
94%
Ioredāne
94%
Kamabodia
94%
Monokolia
94%
ʻOmana
94%
Saudi ʻAlapia
94%
Sinapoa
94%
Baharaina
90%
Kina
90%
Laosa
90%
Maladiwa
90%
Tailani
90%
Takisitana
90%
Timora Kahikina
90%
Aupuni ʻEmira ʻAlapia Hui Pū ʻia
87%
Lepanona
87%
Maianamara
87%
Malaia
87%
Taiwan
87%
Tukemenikana
87%
ʻUsepekikana
87%
ʻĀina Pilipino
84%
Suria
84%
ʻAlemenia
81%
Iemene
81%
Sililanaka
81%
ʻIlaka
77%
Kasakana
77%
Katala
77%
Wiekanama
77%
Kōlea Hema
74%
ʻApekanikana
71%
Kaikikana
71%
Kuete
68%
Keokia
65%
Kupelo
65%
ʻAkepaikana
58%
Kuleke
58%
Kōlea ʻĀkau
55%
No matching quizzes found
Score Distribution
Percent of People with Each Score
Percentile by Number Answered
Your Score History
You have not taken this quiz